<?xml version="1.0" encoding="UTF-8"?><?xml-stylesheet type="text/xsl" href="static/style.xsl"?><OAI-PMH xmlns="http://www.openarchives.org/OAI/2.0/" xmlns:xsi="http://www.w3.org/2001/XMLSchema-instance" xsi:schemaLocation="http://www.openarchives.org/OAI/2.0/ http://www.openarchives.org/OAI/2.0/OAI-PMH.xsd"><responseDate>2026-04-27T20:17:58Z</responseDate><request verb="GetRecord" identifier="oai:uvadoc.uva.es:10324/54526" metadataPrefix="marc">https://uvadoc.uva.es/oai/request</request><GetRecord><record><header><identifier>oai:uvadoc.uva.es:10324/54526</identifier><datestamp>2022-08-22T19:01:17Z</datestamp><setSpec>com_10324_38</setSpec><setSpec>col_10324_852</setSpec></header><metadata><record xmlns="http://www.loc.gov/MARC21/slim" xmlns:doc="http://www.lyncode.com/xoai" xmlns:xsi="http://www.w3.org/2001/XMLSchema-instance" xmlns:dcterms="http://purl.org/dc/terms/" xsi:schemaLocation="http://www.loc.gov/MARC21/slim http://www.loc.gov/standards/marcxml/schema/MARC21slim.xsd">
<leader>00925njm 22002777a 4500</leader>
<datafield tag="042" ind1=" " ind2=" ">
<subfield code="a">dc</subfield>
</datafield>
<datafield tag="720" ind1=" " ind2=" ">
<subfield code="a">Andrés Fernández, Eva</subfield>
<subfield code="e">author</subfield>
</datafield>
<datafield tag="260" ind1=" " ind2=" ">
<subfield code="c">2022</subfield>
</datafield>
<datafield tag="520" ind1=" " ind2=" ">
<subfield code="a">La logística es conocida como el transporte de mercancías, pero engloba casi toda &#xd;
la actividad diaria de las empresas, desde la producción hasta la devolución de mercancía &#xd;
defectuosa.&#xd;
Para el transporte de alimentos se utilizan distintos medios de transporte, &#xd;
dependiendo de la proximidad, de los costes que se quiera incurrir o de si la mercancía &#xd;
necesita unas condiciones específicas de mantenimiento, añadiendo a todo esto un &#xd;
reglamento muy estricto que se deberá cumplimentar para que las autoridades &#xd;
competentes se aseguren de que la mercancía no causará ningún perjuicio a la salud de &#xd;
las personas.&#xd;
He escogido esta temática para desarrollar el trabajo debido a la relación directa &#xd;
que tiene con el Grado en Comercio como bien puede ser la parte del comercio &#xd;
internacional, estudiada previamente o la parte de la gestión de almacenes y logística, que &#xd;
son temas tratados durante el Grado, pero en este caso, ampliados y enfocados &#xd;
directamente en el producto a estudiar.</subfield>
</datafield>
<datafield tag="024" ind2=" " ind1="8">
<subfield code="a">https://uvadoc.uva.es/handle/10324/54526</subfield>
</datafield>
<datafield ind1=" " ind2=" " tag="653">
<subfield code="a">Azúcar-Industria y Comercio-Castilla y León (España)</subfield>
</datafield>
<datafield ind1=" " ind2=" " tag="653">
<subfield code="a">Distribución de mercancías-Castilla y León (España)</subfield>
</datafield>
<datafield tag="245" ind1="0" ind2="0">
<subfield code="a">El proceso logístico de la comercialización del azúcar en España</subfield>
</datafield>
</record></metadata></record></GetRecord></OAI-PMH>